|
|
|
|
| LEADER |
00000cam a2200000 7i4500 |
| 001 |
0000093666 |
| 005 |
20240123150711.0 |
| 008 |
|
| 020 |
|
|
|a 9789834901653 (
|q paperback)
|
| 040 |
|
|
|e rda
|
| 041 |
|
|
|a Malay
|
| 090 |
0 |
0 |
|a 153.420899923
|b AWA
|
| 100 |
0 |
|
|a Awang Sariyan
|c Datuk Dr. ,
|d 1953- ,
|e (author)
|
| 245 |
1 |
0 |
|a Asas falsafah dan pemikiran Melayu
|c Awang Sariyan
|
| 264 |
|
1 |
|a Kuala Lumpur :
|b Dewan Bahasa dan Pustaka
|c 2016
|
| 300 |
|
|
|a 141 pages ;
|c 22 cm.
|
| 336 |
|
|
|a text
|2 rdacontent
|
| 337 |
|
|
|a unmediated
|2 rdamedia
|
| 338 |
|
|
|a volume
|2 rdacarrier
|
| 500 |
|
|
|a Includes bibliography and index
|
| 541 |
|
|
|c Donation book
|f Inisiatif Belanjawan 2023
|
| 650 |
|
0 |
|a Philosophy,Malay
|
| 650 |
|
0 |
|a Thought and thinking
|
| 730 |
0 |
|
|a Title
|
| 999 |
|
|
|a 0001752943
|b Book
|c Adult Collection
|e Perbadanan Perpustakaan Awam Johor
|
| 999 |
|
|
|a 0001752944
|b Book
|c Adult Collection
|e Cawangan Urban Transformation Centre
|
| 999 |
|
|
|a 0001752945
|b Book
|c Adult Collection
|e Cawangan AEON Kulaijaya
|
| 999 |
|
|
|a 0001752946
|b Book
|c Adult Collection
|e Cawangan Tmn. Ungku Tun Aminah
|
| 999 |
|
|
|a 0001752947
|b Book
|c Adult Collection
|e Cawangan Muar
|
| 999 |
|
|
|a 0001752948
|b Book
|c Adult Collection
|e Cawangan Kota Tinggi
|
| 999 |
|
|
|a 0001752949
|b Book
|c Adult Collection
|e Perbadanan Perpustakaan Awam Johor
|
| 999 |
|
|
|a 0001752950
|b Book
|c Adult Collection
|e Cawangan Bukit Gambir
|
| 999 |
|
|
|a 0001752951
|b Book
|c Adult Collection
|e Cawangan Tangkak
|
| 999 |
|
|
|a 0001752952
|b Book
|c Adult Collection
|e Cawangan Segamat
|
| 999 |
|
|
|a 0001752953
|b Book
|c Adult Collection
|e Cawangan Bandar Tenggara
|
| 999 |
|
|
|a 0001752954
|b Book
|c Adult Collection
|e Cawangan Batu Pahat
|
| 999 |
|
|
|a 0001752955
|b Book
|c Adult Collection
|e Cawangan Bandar Penawar
|
| 999 |
|
|
|a 0001752956
|b Book
|c Adult Collection
|e Cawangan Pontian
|
| 999 |
|
|
|a 0001752957
|b Book
|c Adult Collection
|e Cawangan Mersing
|
| 999 |
|
|
|a 0001752958
|b Book
|c Adult Collection
|e Cawangan Batu Pahat
|
| 999 |
|
|
|a 0001752971
|b Book
|c Adult Collection
|e Cawangan Segamat
|
| 999 |
|
|
|a 0001752972
|b Book
|c Adult Collection
|e Cawangan Batu Pahat
|
| 999 |
|
|
|a 0001752973
|b Book
|c Adult Collection
|e Cawangan Kota Tinggi
|